<?xml version="1.0" encoding="UTF-8"?>
<record
    xmlns:xsi="http://www.w3.org/2001/XMLSchema-instance"
    xsi:schemaLocation="http://www.loc.gov/MARC21/slim http://www.loc.gov/standards/marcxml/schema/MARC21slim.xsd"
    xmlns="http://www.loc.gov/MARC21/slim">

  <leader>02610    a2200493  04500</leader>
  <controlfield tag="003">PE-LiUPU</controlfield>
  <controlfield tag="005">20250731165651.0</controlfield>
  <controlfield tag="008">991231s    2001sp                  spa d</controlfield>
  <datafield tag="020" ind1=" " ind2=" ">
    <subfield code="a">8448128249 </subfield>
  </datafield>
  <datafield tag="040" ind1=" " ind2=" ">
    <subfield code="a">BUniversidad Montemorelos</subfield>
    <subfield code="b">spa</subfield>
    <subfield code="c">PE-LiUPU</subfield>
    <subfield code="d">PE-LiUPU</subfield>
    <subfield code="e">rda</subfield>
  </datafield>
  <datafield tag="082" ind1="0" ind2="4">
    <subfield code="a">006.3 </subfield>
    <subfield code="b">N712i</subfield>
    <subfield code="2">23</subfield>
  </datafield>
  <datafield tag="100" ind1="1" ind2=" ">
    <subfield code="a">Nilsson, Nils J., </subfield>
    <subfield code="d">1933- </subfield>
    <subfield code="e">autor</subfield>
  </datafield>
  <datafield tag="245" ind1="1" ind2="0">
    <subfield code="a">Inteligencia artificial :</subfield>
    <subfield code="b">una nueva s&#xED;ntesis / </subfield>
    <subfield code="c">Nils J. Nilsson. </subfield>
  </datafield>
  <datafield tag="250" ind1=" " ind2=" ">
    <subfield code="a">Primera edici&#xF3;n</subfield>
  </datafield>
  <datafield tag="264" ind1=" " ind2=" ">
    <subfield code="a">Madrid, Espana :</subfield>
    <subfield code="b">McGraw-Hill Interamericana de Espa&#xF1;a,</subfield>
    <subfield code="c">2001.</subfield>
  </datafield>
  <datafield tag="300" ind1=" " ind2=" ">
    <subfield code="a">xix, 458 p&#xE1;ginas : </subfield>
    <subfield code="b">ilustraciones ; </subfield>
    <subfield code="c">25 cent&#xED;metros.</subfield>
  </datafield>
  <datafield tag="500" ind1=" " ind2=" ">
    <subfield code="a">T&#xED;tulo original : Artificial intelligence : a new synthesis </subfield>
    <subfield code="a">Incluye &#xED;ndice </subfield>
  </datafield>
  <datafield tag="504" ind1=" " ind2=" ">
    <subfield code="a">Bibliograf&#xED;a paginas 407-432</subfield>
  </datafield>
  <datafield tag="505" ind1=" " ind2=" ">
    <subfield code="a">Introducci&#xF3;n -- SISTEMAS REACTIVOS: Agentes de est&#xED;mulo-respuesta -- Redes neuronales -- Sistemas evolutivos -- Sistemas con estados -- Visi&#xF3;n artificial -- B&#xDA;SQUEDA EN ESPACIOS DE ESTADO: Agentes que planifican -- B&#xFA;squeda a ciegas -- B&#xFA;squeda heur&#xED;stica -- Planificaci&#xF3;n, actuaci&#xF3;n y aprendizaje -- M&#xE9;todos alternativos de b&#xFA;squeda y otras aplicaciones -- B&#xFA;squeda en problemas de juegos -- REPRESENTACI&#xD3;N DEL CONOCIMIENTO Y RAZONAMIENTO: El c&#xE1;lculo proporcional -- La resoluci&#xF3;n en el c&#xE1;lculo proporcional -- El c&#xE1;lculo de predicados -- La resoluci&#xF3;n en el c&#xE1;lculo de predicados -- Sistemas basados en conocimiento .. Representaci&#xF3;n del sentido com&#xFA;n -- Razonamiento con incertidumbre -- Aprendizaje y actuaci&#xF3;n con redes bayesianas -- M&#xC9;TODOS DE PLANIFICACI&#xD3;N BASADOS EN L&#xD3;GICA: El c&#xE1;lculo  de situaciones -- planificaci&#xF3;n -- COMUNICACI&#xD3;N E INTEGRACI&#xD3;N:  M&#xFA;ltiples agentes -- Comunicaci&#xF3;n entre agentes -- Arquitecturas de agente -- Bibliograf&#xED;a.</subfield>
  </datafield>
  <datafield tag="526" ind1=" " ind2=" ">
    <subfield code="a">SEG44</subfield>
  </datafield>
  <datafield tag="526" ind1=" " ind2=" ">
    <subfield code="a">SEG26</subfield>
  </datafield>
  <datafield tag="526" ind1=" " ind2=" ">
    <subfield code="a">P151</subfield>
  </datafield>
  <datafield tag="526" ind1=" " ind2=" ">
    <subfield code="a">P150</subfield>
  </datafield>
  <datafield tag="526" ind1=" " ind2=" ">
    <subfield code="a">P149</subfield>
  </datafield>
  <datafield tag="526" ind1=" " ind2=" ">
    <subfield code="a">P146</subfield>
  </datafield>
  <datafield tag="526" ind1=" " ind2=" ">
    <subfield code="a">P145</subfield>
  </datafield>
  <datafield tag="526" ind1=" " ind2=" ">
    <subfield code="a">P126</subfield>
  </datafield>
  <datafield tag="526" ind1=" " ind2=" ">
    <subfield code="a">P125</subfield>
  </datafield>
  <datafield tag="526" ind1=" " ind2=" ">
    <subfield code="a">P92</subfield>
  </datafield>
  <datafield tag="526" ind1=" " ind2=" ">
    <subfield code="a">P75</subfield>
  </datafield>
  <datafield tag="526" ind1=" " ind2=" ">
    <subfield code="a">P74</subfield>
  </datafield>
  <datafield tag="526" ind1=" " ind2=" ">
    <subfield code="a">P27</subfield>
  </datafield>
  <datafield tag="526" ind1=" " ind2=" ">
    <subfield code="a">P15</subfield>
  </datafield>
  <datafield tag="650" ind1="1" ind2="4">
    <subfield code="a">Inteligencia artificial </subfield>
  </datafield>
  <datafield tag="650" ind1="1" ind2="4">
    <subfield code="a">Redes neurales (Inform&#xE1;tica) </subfield>
  </datafield>
  <datafield tag="650" ind1="1" ind2="4">
    <subfield code="a">Visi&#xF3;n por computador </subfield>
  </datafield>
  <datafield tag="650" ind1="1" ind2="4">
    <subfield code="a">M&#xE9;todos de simulaci&#xF3;n </subfield>
  </datafield>
  <datafield tag="700" ind1=" " ind2=" ">
    <subfield code="a">Mar&#xED;n Morales, Roque</subfield>
    <subfield code="9">1155</subfield>
    <subfield code="e">traductor</subfield>
  </datafield>
  <datafield tag="700" ind1=" " ind2=" ">
    <subfield code="a">Palma Mendez, Tom&#xE1;s</subfield>
    <subfield code="e">traductor</subfield>
    <subfield code="9">1199</subfield>
  </datafield>
  <datafield tag="700" ind1=" " ind2=" ">
    <subfield code="a">Paniagua Aris, Enrique</subfield>
    <subfield code="e">traductor</subfield>
    <subfield code="9">1200</subfield>
  </datafield>
  <datafield tag="942" ind1=" " ind2=" ">
    <subfield code="c">BK</subfield>
    <subfield code="2">ddc</subfield>
    <subfield code="n">0</subfield>
  </datafield>
  <datafield tag="980" ind1=" " ind2=" ">
    <subfield code="6">21515</subfield>
    <subfield code="a">DIGNA BRA&#xD1;ES Analista Documental</subfield>
    <subfield code="8">1</subfield>
    <subfield code="g">ALBERTO SANCHEZ Responsable de Automatizaci&#xF3;n</subfield>
  </datafield>
  <datafield tag="999" ind1=" " ind2=" ">
    <subfield code="c">61816</subfield>
    <subfield code="d">61816</subfield>
  </datafield>
  <datafield tag="952" ind1=" " ind2=" ">
    <subfield code="r">2026-05-11 18:43:54</subfield>
    <subfield code="l">1</subfield>
    <subfield code="o">006.3  N712i</subfield>
    <subfield code="p">81426</subfield>
    <subfield code="s">2026-05-07</subfield>
    <subfield code="t">e1</subfield>
    <subfield code="w">2023-06-01</subfield>
    <subfield code="x">FIA</subfield>
    <subfield code="y">BK</subfield>
    <subfield code="z">inventario-2023-12-13</subfield>
    <subfield code="1">0</subfield>
    <subfield code="2">ddc</subfield>
    <subfield code="5">0</subfield>
    <subfield code="7">0</subfield>
    <subfield code="8">GEN</subfield>
    <subfield code="f">P27</subfield>
    <subfield code="a">BUL</subfield>
    <subfield code="b">BUL</subfield>
    <subfield code="c">GEN</subfield>
    <subfield code="d">2019-09-17</subfield>
    <subfield code="e">Donaci&#xF3;n</subfield>
  </datafield>
</record>
